Jason Isbell Songs Quiz - Statistics

General Stats
  • This quiz has been taken 57 times
  • The average score is 16 of 33
Answer Stats
Answer % Correct
Elephant
94%
Cover Me Up
91%
Something More Than Free
81%
Stockholm
81%
Super 8
78%
Traveling Alone
75%
Flying over Water
59%
If We Were Vampire's
59%
Relatively Easy
59%
Songs That She Sang in the Shower
59%
Yvette
59%
Last of My Kind
53%
Speed Trap Town
53%
Cumberland Gap
47%
Live Oak
47%
New South Wales
47%
24 Frames
44%
Hope the High Road
44%
White Man's World
44%
How to Forget
41%
Palmetto Rose
41%
Children of Children
38%
Different Days
38%
Hudson Commodore
38%
The Life You Chose
31%
Chaos and Clothes
28%
Flagship
28%
If It Takes a Lifetime
28%
To a Band That I Loved
28%
Anxiety
25%
Something to Love
25%
Tupelo
22%
Molotov
19%
No matching quizzes found
Score Distribution
Percent of People with Each Score
Percentile by Number Answered
Your Score History
You have not taken this quiz